000 01261nam0a22002651 4500
001 rc\376046
005 20250621055753.0
010 _a5-02-003363-4
_9600
035 _a(NLR Aleph) 005607949
090 _a6382517
_c6382517
100 _a20030307d1989 |||y0rusy50 ca
101 0 _arus
102 _aRU
105 _aa |||||||||
200 1 _aМоделирование гидрофизических процессов и полей в замкнутых водоемах и морях
_e[Сб. ст.]
_fАН СССР, Гос. ком. СССР по науке и технике, Науч. совет по комплекс. изуч. пробл. Касп. моря
_gОтв. ред. А.С. Саркисян
210 _aМ.
_cНаука
_d1989
215 _a224, [2] с.
_cил.
_d22
320 _aБиблиогр. в конце ст.
702 1 _4340
_7ca
_8rus
_aСаркисян
_bА. С.
_cд-р физ.-мат. наук
_f1926-
_gАртем Саркисович
_9159948
_3RU\NLR\AUTH\770159989
712 0 2 _aНаучный совет по комплексному изучению проблем Каспийского моря
_cМосква
801 0 _aRU
_bNLR
_gpsbo
801 1 _aRU
_bELAR
_2rusmarc
852 _aNLR
_j89-5/1626
942 _cBOOK
980 _aNB